Score 0/200 Timer 20:00
0 Plays Today
M/F Name % Correct
MaleMichael
92.6%
MaleDavid
90.5%
MaleJohn
89.5%
MaleDaniel
89.5%
MaleBrian
89.5%
MaleAlex
89.5%
MaleJames
88.4%
FemaleEmily
88.4%
MaleJacob
87.4%
MaleMatthew
86.3%
MaleChristopher
86.3%
MaleAlexander
86.3%
FemaleAshley
86.3%
FemaleEmma
86.3%
MaleJack
85.3%
MaleAndrew
84.2%
MaleJoseph
84.2%
FemaleElizabeth
84.2%
FemaleSara
84.2%
MaleRobert
83.2%
MaleAdam
83.2%
FemaleSarah
83.2%
MaleAnthony
82.1%
MaleJonathan
82.1%
MaleEric
82.1%
MaleNicholas
81.1%
MaleJoshua
81.1%
MaleThomas
81.1%
FemaleJennifer
81.1%
MaleRyan
80%
MaleTaylor
80%
FemaleTaylor
80%
FemaleJessica
80%
FemaleRachel
80%
FemaleLauren
80%
FemaleMary
80%
MaleWilliam
78.9%
MaleSamuel
78.9%
MaleKevin
78.9%
MaleSteven
78.9%
MalePaul
78.9%
FemaleHannah
78.9%
MaleJustin
77.9%
MaleNathan
77.9%
FemaleAmanda
77.9%
FemaleAnna
77.9%
FemaleKatherine
77.9%
FemaleLaura
77.9%
MaleTyler
76.8%
MaleKyle
76.8%
MaleJordan
76.8%
FemaleJordan
76.8%
FemaleRebecca
76.8%
FemaleAlexandra
76.8%
FemaleJulia
76.8%
FemaleAlexis
75.8%
FemaleChristina
75.8%
MaleZachary
74.7%
MaleAaron
74.7%
MaleCharles
74.7%
MaleStephen
74.7%
MaleEvan
74.7%
FemaleSamantha
74.7%
FemaleAmy
74.7%
MaleEthan
73.7%
MaleLuke
73.7%
MaleBrandon
72.6%
M/F Name % Correct
MaleSean
72.6%
MaleJason
72.6%
MaleRichard
72.6%
MaleMark
72.6%
FemaleDanielle
72.6%
FemaleOlivia
72.6%
FemaleMelissa
72.6%
MaleBenjamin
71.6%
FemaleBrittany
71.6%
FemaleNicole
71.6%
FemaleGabrielle
71.6%
FemaleNatalie
71.6%
MaleChristian
70.5%
MalePatrick
70.5%
FemaleStephanie
70.5%
MaleTimothy
69.5%
MaleLucas
69.5%
FemaleMadison
69.5%
FemaleErin
69.5%
FemaleKatie
69.5%
FemaleGrace
69.5%
FemaleVictoria
68.4%
FemaleMichelle
68.4%
FemaleAngela
68.4%
MaleAustin
67.4%
MaleNathaniel
67.4%
FemaleMegan
67.4%
FemaleAllison
67.4%
FemaleLeah
67.4%
FemaleKayla
66.3%
FemaleAbigail
66.3%
FemaleAmber
66.3%
FemaleBrianna
66.3%
FemaleKimberly
66.3%
FemaleKathryn
66.3%
MaleCody
65.3%
MaleLogan
65.3%
MaleHunter
65.3%
FemaleAlyssa
65.3%
FemaleJamie
65.3%
MaleIan
64.2%
FemaleMadeline
64.2%
FemaleJenna
64.2%
FemaleCaroline
64.2%
FemaleKaitlyn
63.2%
MaleDylan
62.1%
FemaleMorgan
62.1%
FemaleErica
62.1%
FemaleMolly
62.1%
MaleJesse
61.1%
MaleMason
61.1%
MaleJeremy
61.1%
MaleMarcus
60%
FemaleKatelyn
60%
FemaleClaire
60%
FemaleAlicia
60%
MaleCameron
58.9%
MaleScott
58.9%
FemaleHaley
58.9%
FemaleAndrea
58.9%
FemaleKristen
58.9%
FemaleKelly
58.9%
FemaleHailey
58.9%
MaleKenneth
57.9%
FemaleJasmine
57.9%
FemaleChelsea
57.9%
FemaleHeather
57.9%
M/F Name % Correct
FemaleCaitlin
57.9%
FemaleMargaret
57.9%
MaleBlake
56.8%
MaleBrendan
56.8%
MaleBradley
56.8%
MaleElijah
56.8%
FemaleCourtney
56.8%
FemaleTiffany
56.8%
FemaleAlexandria
56.8%
FemaleHolly
56.8%
FemaleLindsey
55.8%
MaleDerek
54.7%
MaleJeffrey
54.7%
FemaleSavannah
54.7%
FemalePaige
53.7%
FemaleBrooke
53.7%
FemaleBriana
53.7%
FemaleCassandra
53.7%
FemaleKelsey
52.6%
MaleTrevor
51.6%
MaleCaleb
50.5%
MaleCory
50.5%
MaleCorey
50.5%
FemaleMackenzie
50.5%
FemaleShannon
50.5%
MaleSeth
49.5%
FemaleWhitney
49.5%
MaleChase
48.4%
MaleShane
48.4%
FemaleMariah
48.4%
FemaleMiranda
47.4%
FemaleMarissa
46.3%
FemaleBailey
46.3%
FemaleDestiny
46.3%
MaleCole
45.3%
FemaleShelby
45.3%
MaleTravis
44.2%
FemaleBethany
44.2%
MaleJared
43.2%
FemaleKaitlin
42.1%
FemaleMichaela
42.1%
MaleDustin
41.1%
MaleTristan
41.1%
FemaleSydney
41.1%
MaleBrett
40%
MaleColton
40%
FemaleBreanna
40%
FemaleMakayla
40%
MaleDevin
38.9%
MaleGarrett
38.9%
FemaleSierra
37.9%
FemaleMikayla
37.9%
MaleGrant
35.8%
MaleLevi
34.7%
MaleTanner
34.7%
MaleMitchell
33.7%
MaleWyatt
33.7%
MaleDevon
29.5%
FemaleCheyenne
29.5%
MaleSpencer
28.4%
MaleDakota
24.2%
MaleDalton
23.2%
MaleConner
23.2%
MaleCollin
22.1%
MaleDillon
21.1%
MaleClayton
17.9%
Remove Ads.
Support Sporcle.
Get the best of Sporcle when you Go Orange. This ad-free experience offers more features, more stats, and more fun while also helping to support Sporcle. Thank you for becoming a member.

You're not logged in!

Compare scores with friends on all Sporcle quizzes.
OR
Log In

Show Comments

Extras

Top Quizzes Today


Score Distribution

Your Account Isn't Verified!

In order to create a playlist on Sporcle, you need to verify the email address you used during registration. Go to your Sporcle Settings to finish the process.

Report this User

Report this user for behavior that violates our Community Guidelines.

Details: